Conflict and Consensus: An introduction to Sociology (Record no. 7061)

000 -LEADER
fixed length control field 00461 a2200157 4500
040 ## - CATALOGING SOURCE
Original cataloging agency DLC
Language of cataloging DLC
082 ## - DEWEY DECIMAL CLASSIFICATION NUMBER
Classification number 301
100 ## - MAIN ENTRY--PERSONAL NAME
Personal name Hodges, Harold M.
245 ## - TITLE STATEMENT
Title Conflict and Consensus: An introduction to Sociology
Statement of responsibility, etc. Harold M.Hodges
250 ## - EDITION STATEMENT
Edition statement 2nd ed
260 ## - PUBLICATION, DISTRIBUTION, ETC.
Place of publication, distribution, etc. Islamabad:
Name of publisher, distributor, etc. National Book Foundation.
300 ## - PHYSICAL DESCRIPTION
Extent xv, 558 p.
Other physical details ill.
Dimensions 26 cm
500 ## - GENERAL NOTE
General note Includes bibliographical references and index
650 ## - SUBJECT ADDED ENTRY--TOPICAL TERM
Topical term or geographic name entry element Sociology.
942 ## - ADDED ENTRY ELEMENTS (KOHA)
Koha item type Book
Call number prefix 301 HOD
Source of classification or shelving scheme
Holdings
Withdrawn status Lost status Damaged status Not for loan Collection code Permanent Location Current Location Shelving location Date acquired Source of acquisition Cost, normal purchase price Total Checkouts Full call number Barcode Date last seen Price effective from Koha item type
          Central Library (CL) Central Library (CL) General Stacks 08/25/2008 Donation 0.00   301 HOD SEECS009249 11/14/2012 01/05/2017 Book
          Central Library (CL) Central Library (CL) General Stacks 08/25/2008 Donation 0.00   301 HOD SEECS009250 11/14/2012 01/05/2017 Book
© 2023 Central Library, National University of Sciences and Technology. All Rights Reserved.